[Event "Summer TNM"]
[Site "San Francisco"]
[Date "2006.08.01"]
[Round "8"]
[White "Frank, Robert"]
[Black "Livschitz, Jennifer"]
[Result "0-1"]
[WhiteElo "1235"]
[BlackElo "1485"]
[PlyCount "98"]
[EventDate "2006.06.06"]
[EventType "swiss"]
[EventRounds "8"]
[EventCountry "USA"]

1. d4 d5 2. Nf3 Nf6 3. e3 Bf5 4. c4 e6 5. cxd5 exd5 6. Nc3 Nbd7 7. Bd3 Bxd3 8.
Qxd3 c5 9. O-O Be7 10. dxc5 Nxc5 11. Qb5+ Qd7 12. Qxd7+ Ncxd7 13. Rd1 Nb6 14.
a4 a5 15. Nd4 O-O 16. Nf5 Bb4 17. Nb5 Rfd8 18. b3 Rac8 19. Bb2 Nbd7 20. Ba3
Bxa3 21. Rxa3 Kf8 22. Nfd6 Rb8 23. f3 h6 24. Nc3 Nc5 25. Ncb5 g6 26. g4 b6 27.
Nxf7 Kxf7 28. Nd4 Re8 29. Kf2 Rbd8 30. h4 Ne6 31. Nc6 Rd6 32. Ne5+ Kg7 33. Nd3
Rc8 34. b4 axb4 35. Nxb4 Nc5 36. e4 Ncxe4+ 37. fxe4 Nxe4+ 38. Ke3 Rc3+ 39. Rxc3
Nxc3 40. Rd4 Kf6 41. Kd3 Nxa4 42. Rxd5 Rxd5+ 43. Nxd5+ Ke5 44. Ne7 g5 45. Nc6+
Kf6 46. h5 Nc5+ 47. Kc4 Ne4 48. Kb5 Nf2 49. Kxb6 Nxg4 {remainder illegible} 0-1

[Event "Summer TNM"]
[Site "San Francisco"]
[Date "2006.08.01"]
[Round "8"]
[White "Gray, William"]
[Black "Margulis, Igor"]
[Result "0-1"]
[WhiteElo "2021"]
[BlackElo "2227"]
[PlyCount "47"]
[EventDate "2006.06.06"]
[EventType "swiss"]
[EventRounds "8"]
[EventCountry "USA"]

1. e4 g6 2. d4 Bg7 3. c3 d6 4. Nf3 Nf6 5. Bd3 O-O 6. O-O Nc6 7. Re1 e5 8. dxe5
dxe5 9. Bg5 h6 10. Bh4 g5 11. Bg3 Nh5 12. Qc2 Qe7 13. Nbd2 Nf6 14. Bf1 Bg4 15.
h3 Bh5 16. Nh2 Rad8 17. Nc4 Rd7 18. Ne3 Bg6 19. Rad1 Rfd8 20. f3 h5 21. Bf2 Nb8
22. Rxd7 Rxd7 23. Qb3 c6 24. Rd1 {remainder illegible} 0-1

[Event "Summer TNM"]
[Site "San Francisco"]
[Date "2006.08.01"]
[Round "8"]
[White "Grey, Peter"]
[Black "Russell, Joe"]
[Result "1-0"]
[WhiteElo "2000"]
[BlackElo "1633"]
[PlyCount "77"]
[EventDate "2006.06.06"]
[EventType "swiss"]
[EventRounds "8"]
[EventCountry "USA"]

1. e4 g6 2. d4 Bg7 3. Nc3 d6 4. Nf3 Nf6 5. Be2 O-O 6. O-O c6 7. Bf4 b5 8. e5
Nh5 9. Be3 f5 10. exf6 Nxf6 11. h3 Bb7 12. Ng5 Bc8 13. Bd3 b4 14. Ne2 h6 15.
Ne4 Nxe4 16. Bxe4 Bf5 17. Qd3 Qd7 18. Bxf5 Qxf5 19. Qc4+ Kh7 20. Qxb4 Qxc2 21.
Qb7 Nd7 22. Qxd7 Qxe2 23. Qxe7 Qxb2 24. Qxd6 Rad8 25. Qxc6 Bxd4 26. Rab1 Qxa2
27. Rb7+ Rf7 28. Bxd4 Rxd4 29. Rb8 Rdf4 30. Qe8 Rf8 31. Qxf8 Rxf8 32. Rxf8 Kg7
33. Rd8 h5 34. Re1 Qa5 35. Rd7+ Kf6 36. Ree7 Qa1+ 37. Kh2 Qc1 38. Rf7+ Kg5 39.
f4+ 1-0

[Event "Summer TNM"]
[Site "San Francisco"]
[Date "2006.08.01"]
[Round "8"]
[White "Krasnov, Steven"]
[Black "Sanguinetti, George"]
[Result "1/2-1/2"]
[WhiteElo "1885"]
[BlackElo "1959"]
[PlyCount "126"]
[EventDate "2006.06.06"]
[EventType "swiss"]
[EventRounds "8"]
[EventCountry "USA"]

1. c4 e6 2. g3 c6 3. Bg2 d5 4. Qc2 f5 5. d3 Nf6 6. Bg5 Be7 7. Nd2 Nbd7 8. e4 h6
9. Bxf6 Nxf6 10. Ngf3 O-O 11. O-O b6 12. Rac1 Bb7 13. exf5 exf5 14. Nd4 Qd7 15.
cxd5 Rac8 16. Nxc6 Bc5 17. Qb3 f4 18. d4 Bd6 19. Nxa7 Rxc1 20. Rxc1 fxg3 21.
hxg3 Qf5 22. Nb5 Ng4 23. Ne4 Bxd5 24. Nbxd6 Qh5 25. Qd3 Qh2+ 26. Kf1 Rxf2+ 27.
Ke1 Qxg2 28. Rc8+ Rf8 29. Rxf8+ Kxf8 30. Qf1+ Qxf1+ 31. Kxf1 Bxa2 32. Nc3 Be6
33. Na4 Ke7 34. Ne4 Ne3+ 35. Ke2 Nd5 36. Nac3 Nxc3+ 37. bxc3 b5 38. Nc5 Bf5 39.
Kf3 Kd6 40. g4 Bc2 41. g5 h5 42. Kg3 Bf5 43. Nb3 Be6 44. Nd2 Bd5 45. Kf4 Ke6
46. Nf1 h4 47. Kg4 Bg2 48. Ne3 h3 49. Kg3 Kf7 50. Nxg2 hxg2 51. Kxg2 Kg6 52.
Kf3 Kxg5 53. Ke4 Kf6 54. Kf4 Ke6 55. Kg5 Kf7 56. Kf5 g6+ 57. Kg5 Kg7 58. Kf4
Kf6 59. Kg4 g5 60. Kg3 Kf5 61. Kf3 Kg6 62. Ke4 Kf6 63. Kf3 Kf5 {
remainder illegible} 1/2-1/2

[Event "Summer TNM"]
[Site "San Francisco"]
[Date "2006.08.01"]
[Round "8"]
[White "Ladyzhensky, Boris"]
[Black "Lupton, Stephen"]
[Result "1-0"]
[WhiteElo "1733"]
[BlackElo "1356"]
[PlyCount "71"]
[EventDate "2006.06.06"]
[EventType "swiss"]
[EventRounds "8"]
[EventCountry "USA"]

1. e4 e5 2. f4 exf4 3. Nf3 d6 4. Bc4 Be7 5. d4 Nf6 6. Nc3 Bg4 7. e5 Nh5 8. O-O
dxe5 9. Bxf7+ Kf8 10. Bxh5 Bxh5 11. d5 Ke8 12. Qd3 Bg6 13. Qe2 Bf6 14. Bxf4 Qe7
15. Rae1 Nd7 16. Ne4 Bxe4 17. Qxe4 Nc5 18. Qc4 Nd7 19. Be3 Kd8 20. Nd2 a6 21.
Ne4 Kc8 22. d6 Qd8 23. Nc5 b6 24. Ne6 b5 25. Qc6 Nb8 26. Qxa8 Qxd6 27. Nc5 Re8
28. Ne4 Qc6 29. Qxc6 Nxc6 30. Nxf6 gxf6 31. Rxf6 Kb7 32. Rf7 Rh8 33. Rd1 h5 34.
Rdd7 Rd8 35. Rxc7+ Kb8 36. Rxc6 1-0

[Event "Summer TNM"]
[Site "San Francisco"]
[Date "2006.08.01"]
[Round "8"]
[White "Litowsky, Dan"]
[Black "Siegrist, Daichi"]
[Result "0-1"]
[WhiteElo "1700"]
[BlackElo "1954"]
[PlyCount "62"]
[EventDate "2006.06.06"]
[EventType "swiss"]
[EventRounds "8"]
[EventCountry "USA"]

1. e4 e6 2. d4 d5 3. Nc3 Nf6 4. Bg5 Be7 5. e5 Nfd7 6. Bxe7 Qxe7 7. Nf3 O-O 8.
Bd3 c5 9. Nb5 Nc6 10. c3 cxd4 11. cxd4 f6 12. Qe2 fxe5 13. dxe5 Qb4+ 14. Nd2
Ndxe5 15. Rb1 Nxd3+ 16. Qxd3 Ne5 17. Qc3 Qxc3 18. bxc3 Nd3+ 19. Ke2 Nxf2 20.
Rhf1 Ng4 21. Rxf8+ Kxf8 22. h3 Nf6 23. Nf3 b6 24. g4 Ba6 25. a4 Ne4 26. Rb3 Nc5
27. Rb4 Nxa4 28. Kd2 Bxb5 29. Rxb5 Rc8 30. Rb3 Nc5 31. Ra3 Ne4+ 0-1

[Event "Summer TNM"]
[Site "San Francisco"]
[Date "2006.08.01"]
[Round "8"]
[White "Nip, Nicholas"]
[Black "Jones, Ian"]
[Result "0-1"]
[WhiteElo "1671"]
[BlackElo "1835"]
[PlyCount "96"]
[EventDate "2006.06.06"]
[EventType "swiss"]
[EventRounds "8"]
[EventCountry "USA"]

1. e4 e5 2. Nf3 Nc6 3. Bc4 Nf6 4. d3 Bc5 5. c3 d6 6. O-O Bg4 7. Nbd2 O-O 8. b4
Bb6 9. a4 a5 10. b5 Ne7 11. h3 Be6 12. Bxe6 fxe6 13. Nc4 Bc5 14. Bd2 Ng6 15. d4
exd4 16. cxd4 Bb4 17. Bxb4 axb4 18. e5 Nd5 19. Qb3 Ngf4 20. Ne3 Qe8 21. Nxd5
Nxd5 22. Rfe1 Qg6 23. Kh2 Rf7 24. exd6 cxd6 25. Rac1 Raf8 26. Rg1 Qh5 27. Qd1
Nc3 28. Qf1 Qd5 29. Re1 Nxa4 30. Qe2 Rf6 31. Rc1 Nc3 32. Qd3 e5 33. Ng5 e4 34.
Qe3 h6 35. Rxc3 bxc3 36. Nxe4 Re6 37. Nxc3 Rxe3 38. Nxd5 Re2 39. f4 Rf5 40. Nc3
Rc2 41. Ne4 d5 42. Nd6 Rxf4 43. Nxb7 Rxd4 44. Nd6 Rb4 45. Re1 Rbb2 46. Rg1 d4
47. Kh1 d3 48. Rd1 d2 0-1

[Event "Summer TNM"]
[Site "San Francisco"]
[Date "2006.08.01"]
[Round "8"]
[White "Ossipov, Victor"]
[Black "Salinas, Chad"]
[Result "1-0"]
[WhiteElo "2145"]
[BlackElo "1965"]
[PlyCount "75"]
[EventDate "2006.06.06"]
[EventType "swiss"]
[EventRounds "8"]
[EventCountry "USA"]

1. d4 Nf6 2. Nf3 g6 3. Bf4 Bg7 4. e3 d6 5. h3 O-O 6. Be2 b6 7. Nbd2 Bb7 8. O-O
c5 9. c3 Nc6 10. Bh2 Qe8 11. a4 cxd4 12. exd4 e5 13. Nc4 Rd8 14. Re1 Qe7 15.
dxe5 dxe5 16. Qc2 e4 17. Nfd2 Rfe8 18. Nf1 Nd7 19. Nd6 Nde5 20. Nxe8 Rxe8 21.
Ne3 f5 22. Nd5 Qf7 23. Rad1 Nd8 24. Nf4 Kh8 25. Rd2 Ne6 26. Nxe6 Qxe6 27. Red1
e3 28. fxe3 Be4 29. Qc1 Qe7 30. Bf1 Qg5 31. Bf4 Qe7 32. Bb5 Rf8 33. Rf2 g5 34.
Bh2 g4 35. Be2 gxh3 36. g3 Ba8 37. Rd4 Bh6 38. Rdf4 1-0

[Event "Summer TNM"]
[Site "San Francisco"]
[Date "2006.08.01"]
[Round "8"]
[White "Petrison, John"]
[Black "Kleiman, Charles"]
[Result "1/2-1/2"]
[WhiteElo "2035"]
[BlackElo "1901"]
[PlyCount "120"]
[EventDate "2006.06.06"]
[EventType "swiss"]
[EventRounds "8"]
[EventCountry "USA"]

1. d4 Nf6 2. Nd2 d5 3. e3 Bf5 4. c4 e6 5. Qb3 b6 6. Ngf3 Bd6 7. Ne5 O-O 8. Ndf3
c5 9. Bd3 Bxd3 10. Qxd3 Qc7 11. O-O Nc6 12. Nxc6 Qxc6 13. Ne5 Qc7 14. f4 Ne4
15. cxd5 exd5 16. b3 f6 17. dxc5 Bxe5 18. Qxd5+ Qf7 19. Qxf7+ Rxf7 20. fxe5
Nxc5 21. exf6 Rxf6 22. Rxf6 gxf6 23. Bb2 Kf7 24. Rf1 Ne4 25. Rf4 Re8 26. g4 Re6
27. Bd4 Kg6 28. Kg2 h5 29. h3 h4 30. Rf1 Rc6 31. Kg1 Ng5 32. Kg2 Rc2+ 33. Rf2
Rxf2+ 34. Kxf2 Nxh3+ 35. Kg2 Ng5 36. a4 f5 37. gxf5+ Kxf5 38. b4 Ne6 39. Bc3
Ke4 40. b5 Kxe3 41. Kh3 Kd3 42. Be1 Nc5 43. a5 Kc4 44. axb6 axb6 45. Bxh4 Ne6
46. Bf2 Nd4 47. Kg4 Kd5 48. Kf4 Ne6+ 49. Ke3 Kc4 50. Kd2 Nc5 51. Kc2 Kxb5 {
a theoretical draw} 52. Bh4 Kc4 53. Bd8 b5 54. Ba5 Nb3 55. Be1 Nd4+ 56. Kb2 Ne2
57. Bd2 Nd4 58. Be1 Ne6 59. Bf2 b4 60. Bh4 b3 1/2-1/2

[Event "Summer TNM"]
[Site "San Francisco"]
[Date "2006.08.01"]
[Round "8"]
[White "Smelansky, Vadim"]
[Black "Samatra, Mario"]
[Result "1-0"]
[WhiteElo "1789"]
[BlackElo "1914"]
[PlyCount "83"]
[EventDate "2006.06.06"]
[EventType "swiss"]
[EventRounds "8"]
[EventCountry "USA"]

1. e4 c6 2. d4 d5 3. Nc3 dxe4 4. Nxe4 Nd7 5. Bc4 Ngf6 6. Ng5 e6 7. Qe2 Nb6 8.
c3 Nxc4 9. Qxc4 Qd5 10. Qxd5 exd5 11. Ne2 Bg4 12. f3 Bf5 13. Ng3 Bg6 14. Bf4 h6
15. Nh3 Be7 16. O-O O-O 17. Rfe1 Rfe8 18. Re3 Bf8 19. Rae1 Rxe3 20. Rxe3 Re8
21. Kf2 b5 22. b4 Rxe3 23. Kxe3 Nd7 24. Bc7 Be7 25. f4 Bb1 26. a3 Nf6 27. Nf2
g6 28. h3 h5 29. Nd3 h4 30. Ne2 Nd7 31. Ne5 Nxe5 32. dxe5 Bf5 33. Nd4 Bd7 34.
Nb3 Kg7 35. Na5 g5 36. f5 f6 37. e6 Be8 38. Nb7 Kh6 39. Bd6 Bxd6 40. Nxd6 Bh5
41. e7 g4 42. hxg4 1-0

[Event "Summer TNM"]
[Site "San Francisco"]
[Date "2006.08.01"]
[Round "8"]
[White "Standen, Julian"]
[Black "Chan, John"]
[Result "0-1"]
[WhiteElo "1742"]
[BlackElo "1692"]
[PlyCount "99"]
[EventDate "2006.06.06"]
[EventType "swiss"]
[EventRounds "8"]
[EventCountry "USA"]

1. d4 Nf6 2. Nf3 c6 3. Bf4 d6 4. Nbd2 h6 5. e4 Nh5 6. Be3 Bg4 7. h3 Be6 8. Bd3
Nf6 9. c4 g5 10. d5 Bd7 11. Bd4 c5 12. Bc3 Bg7 13. Qc2 a5 14. g3 Na6 15. a3 Nc7
16. Rd1 Qc8 17. Bf1 b5 18. Bg2 b4 19. Bxf6 exf6 20. h4 g4 21. Ng1 a4 22. Ne2 b3
23. Qd3 Qd8 24. O-O O-O 25. Nc3 Qe7 26. f4 Rae8 27. f5 Kh7 28. Ne2 Qe5 29. Qc3
Qxc3 30. Nxc3 Rh8 31. Ne2 h5 32. Nf4 Kg8 33. Nb1 Bc8 34. Nd2 Na6 35. Rfe1 Nb8
36. Kf1 Nd7 37. Nb1 Ba6 38. Nd2 Ne5 39. Rc1 Bf8 40. Kg1 Be7 41. Bf1 Bd8 42. Kg2
Ba5 43. Red1 Kg7 44. Kf2 Kh6 45. Ke3 Re7 46. Nd3 Nd7 47. Nb1 Rhe8 48. Nc3 Re5
49. Kf2 Nb6 50. Re1 {moves missing} 0-1

[Event "Summer TNM"]
[Site "San Francisco"]
[Date "2006.08.01"]
[Round "8"]
[White "Starr, Albert"]
[Black "Adkins, Rico"]
[Result "1-0"]
[WhiteElo "1555"]
[BlackElo "1629"]
[PlyCount "147"]
[EventDate "2006.06.06"]
[EventType "swiss"]
[EventRounds "8"]
[EventCountry "USA"]

1. b4 e5 2. b5 d5 3. e3 c6 4. Bb2 Bd6 5. a4 Nf6 6. c4 O-O 7. cxd5 cxd5 8. Nf3
Re8 9. Be2 Nbd7 10. O-O Nf8 11. d3 Ng6 12. Nbd2 Bf5 13. Rc1 Qe7 14. Re1 Rac8
15. Rxc8 Rxc8 16. Qb3 h6 17. Rc1 Rxc1+ 18. Bxc1 Qc7 19. Qd1 Bd7 20. g3 a6 21.
d4 e4 22. Ne1 axb5 23. Bxb5 Bxb5 24. axb5 Qa5 25. Qc2 Qxb5 26. Qb2 Qxb2 27.
Bxb2 Bb4 28. Bc1 Kf8 29. Nc2 Bd6 30. Nb3 Ke7 31. h3 b6 32. Kf1 Kd7 33. Ke2 Kc6
34. Kd2 Kb5 35. Kc3 Ka4 36. Bd2 h5 37. h4 Ng4 38. Be1 Nh2 39. Nd2 Ne7 40. Kb2
Nc6 41. Nb1 Nf3 42. Nc3+ Ka5 43. Nxd5+ Nxe1 44. Nxe1 Nb4 45. Nc3 f5 46. Kb3 Be7
47. Ne2 Bd6 48. Ng1 Kb5 49. Nh3 Nc6 50. Ng5 Na5+ 51. Ka2 Kc4 52. Nf7 Be7 53.
Kb2 Nc6 54. Ng2 Nb4 55. Ne5+ Kb5 56. Nf4 g5 57. hxg5 Bxg5 58. Nxh5 Bh6 59. Nf6
Bf8 60. Kb3 Bd6 61. g4 Bxe5 62. dxe5 Nd3 63. gxf5 Nxe5 64. Nxe4 Kc6 65. Nf6 Nd3
66. f4 Ne1 67. e4 Ng2 68. Nh5 Kc5 69. f6 Kd6 70. e5+ Ke6 71. Kc4 Ne3+ 72. Kb5
Nd5 73. Kc6 Nc3 74. Kxb6 1-0